Responses for show #7705 - Friday, February 23, 2018

Contestants

[<< previous game]

Mary Kalemkerian, a human rights officer from New York, New York

Kate Tucci, a blogger from Los Angeles, California

Alan Harrison, an administrative assistant from Seattle, Washington (whose 1-day cash winnings total $15,201)

[next game >>]

Jeopardy! Round responses

MASTERCLASS
MAMMALS
TRADITIONAL ANNIVERSARY GIFTS
RHYME TIME
ROUGH WATERS
WINNING CLAMS AT THE CASINO
    $200 24
"The Star-Spangled Banner"

Kate
    $200 8
a mustang

Kate
    $200 14
bronze

Kate
    $200 9
a crush blush

Kate
    $200 16
Alcatraz

Mary
    $200 27
roulette

Mary
    $400 25
Grey's Anatomy

Alan
    $400 5
a howler monkey

Alan
    $400 15
(Kate: What is pearl?)

coral

KateMary
    $400 10
a clue shoe

Kate
    $400 17
Cape Horn

Alan
    $400 26
(Mary: What's a lottery?)

a slot machine

AlanMary
    $600 28
Gordon Ramsay

Kate
    $600 4
a panda

Kate
    $600 18
(Mary: What is krypton... ite?)
...
(Alex: Yes, the Man of [*].)

steel

AlanMary
    $600 11
a Brazil thrill

Triple Stumper
    $600 21
the Cape of Good Hope

Alan
    $600 1
blackjack

Alan
    $800 29
(Kate: What is a swing?)

ground strokes

Kate
Triple Stumper
    $800 6
(Mary: What's a wild boar?)

a pot-belly pig

Mary
Triple Stumper
    $800 19
cotton

Kate
    $800 12
(Kate: What is a Scottish itch?)

a castle hassle

Kate
Triple Stumper
    $800 22
the Potomac

Kate
    $800 2
(Alan: What is let it ride?)
[Originally ruled incorrect; ruled correct during the contestant interviews.]

parlay (or let it ride)

Alan
    $1000 30
(Alex: And for those of you who are watching, ladies and gentlemen, and were wondering why we credited Alan with a correct response a little while ago, it had to do with the WINNING CLAMS AT THE CASINO, when he came up with "Let it ride".)

Dirty Rotten Scoundrels

Alan
    $1000 7
cetaceans

Kate
    $1000 20
pearls

Mary
    $1000 13
the main refrain

Triple Stumper
    $1,500 23
Half Moon Bay

Kate
    $1000 3
pai gow

Alan

Scores at the first commercial break (after clue 15):

Alan Kate Mary
$2,800 $1,400 -$400

Scores at the end of the Jeopardy! Round:

Alan Kate Mary
$6,200 $4,500 $0

Double Jeopardy! Round responses

PICTURE THE WRITER
HIGHWAYS & BYWAYS
CHESTER A. ARTHUR
SPORTS ON FILM
MUSEUMS
"IN" THE DICTIONARY
    $400 12
Agatha Christie

Kate
    $400 23
Pennsylvania Avenue

Triple Stumper
    $400 18
a birther

Alan
    $400 10
tennis

Mary
    $400 1
the Hermitage

Mary
    $400 5
incisors

Alan
    $800 13
Ian Fleming

Kate
    $800 24
Tiananmen Square

Alan
    $800 19
the Brooklyn Bridge

Mary
    $800 9
bicycle racing

Alan
    $800 2
(Mary: What is Pompeii?)

Herculaneum

Mary
Triple Stumper
    $800 16
incognito

Alan
    $1200 14
Dickens

Kate
    $1200 25
New York

Alan
    $555 28
(Alex: [In response to Alan's wager] Chester Arthur always made people do weird things.)
...
[The end-of-round signal sounds.]

Grant

Alan
    $1200 8
(Alan: What is football?)
(Kate: What is figure skating?)

basketball

AlanKate
Triple Stumper
    $2,000 3
(Alex: In Madrid, yes.)

the Prado

Mary
    $1200 20
an injunction

Alan
    $1600 15
Oscar Wilde

Mary
    $1600 26
the Trans-Canada Highway

Kate
    $1600 7
soccer

Alan
    $1600 4
the Guggenheim

Kate
    $1600 21
an ingenue

Kate
    $2000 17
Jean-Paul Sartre

Triple Stumper
    $2000 27
(Alex: With less than a minute.)

Dodge City

Alan
    $2000 6
(Alan: What is auto racing?)
(Alex: Be more specific.)

drag racing

Alan
    $2000 11
the l'Orangerie

Mary
    $2000 22
the Infanta

Kate

Scores at the end of the Double Jeopardy! Round:

Alan Kate Mary
$16,755 $12,500 $6,400

[wagering suggestions for these scores]

Final Jeopardy! Round responses

MODERN WORDS
(Alex: And this 4-letter word is very, very much in the news these days.)
MaryWhat is I ♥ NY?
$6,101
KateWhat is cool?
$10,000
AlanWhat is yike
$8,246
a meme

Final scores:

Alan Kate Mary
$8,509 $2,500 $299
2-day champion: $23,710 2nd place: $2,000 3rd place: $1,000

Game dynamics:

Coryat scores:

Alan Kate Mary
$17,400 $12,000 $5,600
21 R
(including 1 DD),
1 W
18 R
(including 1 DD),
4 W
10 R
(including 1 DD),
4 W

Combined Coryat: $35,000

The J! Archive is created by fans, for fans. The Jeopardy! game show and all elements thereof, including but not limited to copyright and trademark thereto, are the property of Jeopardy Productions, Inc. and are protected under law. This website is not affiliated with, sponsored by, or operated by Jeopardy Productions, Inc. Join the discussion at JBoard.tv.